[Event "FRA-chT4 1516"]
[Site "Champagne Ardennes"]
[Date "2015.12.06"]
[Round "3"]
[White "Gerardin, David"]
[Black "Guillaume, Jean Francois"]
[Result "0-1"]
[WhiteElo "1777"]
[BlackElo "1808"]
[PlyCount "96"]
[EventDate "2015.12.06"]
[EventType "team-tourn"]
[EventRounds "7"]
[EventCountry "FRA"]
[SourceTitle "EXT 2024"]
[Source "ChessBase"]
[SourceDate "2023.10.10"]
[SourceVersion "1"]
[SourceVersionDate "2023.10.10"]
[SourceQuality "1"]

1. Nf3 Nc6 2. d4 d6 3. d5 Nb8 4. e4 Nf6 5. Bd3 g6 6. c4 Bg7 7. Nc3 0-0 8. 0-0 c5 9. Bg5 h6 10. Bh4 a6 11. Qc2 Nh5 12. Nd2 g5 13. Bg3 Nd7 14. Ne2 Ne5 15. Bxe5 Bxe5 16. Rab1 a5 17. Nf3 Bf6 18. Ng3 Nf4 19. Ne1 Be5 20. Nf5 Bxf5 21. exf5 f6 22. g3 Nxd3 23. Qxd3 Qe8 24. Qd1 Kh7 25. Nf3 b5 26. b3 b4 27. Qd3 a4 28. Nxe5 dxe5 29. Rfd1 Ra6 30. Qe3 Qc8 31. g4 axb3 32. axb3 Qc7 33. Rd3 Qa7 34. Qh3 Rg8 35. Qh5 Qa8 36. Qf7+ Rg7 37. Qh5 Qf8 38. Kg2 Rg8 39. Rh1 Qg7 40. Qh3 Rd8 41. Qe3 Ra5 42. Qe4 Rda8 43. h4 Ra1 44. Rh2 Rc1 45. Qe3 Raa1 46. h5 Rg1+ 47. Kf3 Rae1 48. d6 exd6 0-1

[Event "Charleville Mezieres op 11th"]
[Site "Charleville Mezieres"]
[Date "2014.??.??"]
[Round "1"]
[White "Gerardin, David"]
[Black "Calaresu, Tony"]
[Result "1-0"]
[WhiteElo "1758"]
[BlackElo "1400"]
[PlyCount "57"]
[EventDate "2014.12.26"]
[EventType "swiss"]
[EventRounds "7"]
[EventCountry "FRA"]
[SourceTitle "CBM 164 Extra"]
[Source "ChessBase"]
[SourceDate "2015.03.02"]
[SourceVersion "1"]
[SourceVersionDate "2015.03.02"]
[SourceQuality "1"]

1. e4 e5 2. Nf3 Nc6 3. Bb5 a6 4. Bxc6 dxc6 5. d4 exd4 6. Qxd4 Qxd4 7. Nxd4 Bc5 8. Nb3 Bd6 9. 0-0 Nf6 10. e5 Bxe5 11. Re1 Nd7 12. f4 f6 13. fxe5 Nxe5 14. Bf4 0-0 15. Bxe5 fxe5 16. Rxe5 Bf5 17. c3 Bd3 18. N1d2 Rf7 19. Re3 Bg6 20. Rae1 Rf4 21. Rf3 Rg4 22. Nc5 b6 23. Nd7 Rd8 24. Ref1 h6 25. Rf8+ Rxf8 26. Rxf8+ Kh7 27. Ne5 Ra4 28. Nxg6 Kxg6 29. a3 1-0

[Event "FRA-chT4 1011"]
[Site "Champagne Ardennes"]
[Date "2010.12.12"]
[Round "3.6"]
[White "Gerardin, David"]
[Black "Gaubert, Virginie"]
[Result "1-0"]
[WhiteElo "1760"]
[BlackElo "1686"]
[PlyCount "131"]
[EventDate "2010.10.10"]
[EventType "team-tourn"]
[EventRounds "7"]
[EventCountry "FRA"]
[SourceTitle "EXT 2024"]
[Source "ChessBase"]
[SourceDate "2023.10.10"]
[SourceVersion "1"]
[SourceVersionDate "2023.10.10"]
[SourceQuality "1"]

1. e4 c5 2. Nf3 d6 3. d4 cxd4 4. Nxd4 Nf6 5. Nc3 g6 6. Be2 Bg7 7. h4 h5 8. Be3 Nc6 9. f3 0-0 10. Qd2 Bd7 11. 0-0-0 Rc8 12. Nxc6 Bxc6 13. Bh6 Qa5 14. Bxg7 Kxg7 15. Kb1 Ba4 16. Nxa4 Qxa4 17. b3 Qa3 18. Qd4 Qc5 19. c4 Kg8 20. Kb2 Nd7 21. Qxc5 Rxc5 22. b4 Rc7 23. Rd4 Ne5 24. Kb3 Rfc8 25. f4 Nd7 26. g4 hxg4 27. Bxg4 Rd8 28. Bxd7 Rdxd7 29. Rhd1 Rc6 30. e5 Rdc7 31. exd6 exd6 32. b5 Rc5 33. R1d3 Kg7 34. Rc3 Rd7 35. Rcd3 Rdc7 36. Rg3 f6 37. Re3 Kf7 38. Kb4 b6 39. a4 Rh5 40. Rh3 Ke6 41. Re3+ Kf7 42. Rh3 Ke6 43. Re3+ Kf7 44. Rxd6 Rxh4 45. Rc6 Rd7 46. Rf3 Rh1 47. Rc8 Re1 48. Rh8 Re4 49. Rh7+ Ke6 50. Rxd7 Kxd7 51. Rg3 Rxf4 52. Rxg6 Kc8 53. Rg8+ Kc7 54. Rg7+ Kb8 55. Rf7 f5 56. Kc3 Rf3+ 57. Kd4 Ra3 58. Rxf5 Rxa4 59. Rf7 a6 60. Kd5 axb5 61. cxb5 Ra7 62. Rxa7 Kxa7 63. Kc6 Ka8 64. Kxb6 Kb8 65. Ka6 Ka8 66. b6 1-0

[Event "FRA-chT4"]
[Site "Ech Ardennais/La Francheville"]
[Date "2004.11.07"]
[Round "2"]
[White "Vieira, Thibault"]
[Black "Gerardin, David"]
[Result "0-1"]
[WhiteElo "1730"]
[BlackElo "1640"]
[PlyCount "114"]
[EventDate "2004.10.10"]
[EventType "team"]
[EventRounds "3"]
[EventCountry "FRA"]
[SourceTitle "EXT 2007"]
[Source "ChessBase"]
[SourceDate "2006.11.23"]
[SourceVersion "1"]
[SourceVersionDate "2006.11.23"]
[SourceQuality "1"]

1. c4 e5 2. g3 Nf6 3. Bg2 Bc5 4. Nf3 d6 5. Nc3 Be6 6. d3 h6 7. 0-0 c6 8. Na4 Nbd7 9. Nxc5 Nxc5 10. b4 Ncd7 11. Bb2 Qc7 12. Rc1 0-0 13. a4 a6 14. Nd2 Rfc8 15. Kh1 Qd8 16. f4 Ng4 17. Rf3 exf4 18. Rxf4 Ne3 19. Qg1 Nxg2 20. Kxg2 f6 21. a5 b6 22. axb6 Qxb6 23. c5 dxc5 24. Bc3 cxb4 25. Rxb4 Qxg1+ 26. Kxg1 Rcb8 27. Rcb1 Rb5 28. Ne4 Rab8 29. Kf2 Rxb4 30. Rxb4 Rxb4 31. Bxb4 Bb3 32. Ke3 Ba4 33. Kd4 Kf7 34. Nc3 Bb5 35. e3 Ne5 36. Nxb5 cxb5 37. Ke4 Ke6 38. d4 Nc4 39. d5+ Kd7 40. Kd4 Ne5 41. Ke4 Nc4 42. h3 a5 43. Bc5 g6 44. g4 Nd6+ 45. Kd4 Nc4 46. e4 h5 47. gxh5 gxh5 48. Bf8 Nd6 49. h4 a4 50. Bh6 Nc4 51. Bc1 a3 52. Kc3 a2 53. Bb2 Nxb2 54. Kxb2 Kd6 55. Kxa2 f5 56. exf5 Kxd5 57. Kb3 Ke5 0-1